000 00977nam a22003257a 4500
001 BR8800418
003 BR-BrBNA
005 20230928092833.0
007 ta
008 230509b bl.||||| |||| 00| 0 por d
040 _aBR-BrBNA
_bpor
_cBiblioteca Nacional de Agricultura
041 _a(Por)
072 _aE70
_b/G514
090 _ E70 BR8800418
100 1 _aValente, A.J.
100 1 _aBentes, R.N. de M.
100 1 _aRiofrio Machuca, R.G.
100 1 _aMota, S.M. de B.
100 1 _aTrirenka, V.L.S.
100 1 _aGomes, Y. dos S.
110 1 _aUniversidade Federal do Para, Belem (Brasil). Nucleo de Altos Estudos Amazonicos
_911076
245 1 _aAbastecimento em Nucleos urbanos Amazonicos: Belem como estudo de caso [Belem, Para, Brasil]
260 3 _aBelem, PA (Brasil):
_c1975.
300 _a125 p.
500 _aBibliography (83 ref.)
650 _aABASTECIMENTO
650 _aALIMENTO
909 _a202309
_bLucia
_c55
_dLucia Elande
942 _cBK
999 _c41481
_d41481